<?xml version="1.0" encoding="UTF-8"?>
<collection xmlns="http://www.loc.gov/MARC21/slim">
 <record>
  <leader>00973nam a2200205   4500</leader>
  <controlfield tag="001">1/16234</controlfield>
  <controlfield tag="008">991006s1998    gr             0  0 gre d</controlfield>
  <datafield tag="022" ind1=" " ind2=" ">
   <subfield code="a">11060395</subfield>
  </datafield>
  <datafield tag="035" ind1=" " ind2=" ">
   <subfield code="l">16742</subfield>
  </datafield>
  <datafield tag="040" ind1=" " ind2=" ">
   <subfield code="a">GR-PeUP</subfield>
  </datafield>
  <datafield tag="082" ind1="0" ind2="0">
   <subfield code="a">306.094 959 ΕΛ</subfield>
  </datafield>
  <datafield tag="245" ind1="0" ind2="0">
   <subfield code="a">Ελλωτία :</subfield>
   <subfield code="b">ετήσια έκδοση Δήμου Χανίων /</subfield>
   <subfield code="c">Επιμέλεια Κώστας Μουτζούρης</subfield>
  </datafield>
  <datafield tag="260" ind1=" " ind2=" ">
   <subfield code="a">Χανιά :</subfield>
   <subfield code="b">Δημοτική Πολιτιστική Επιχείρηση Χανίων ,</subfield>
   <subfield code="c">1998</subfield>
  </datafield>
  <datafield tag="300" ind1=" " ind2=" ">
   <subfield code="a">412 σ. ;</subfield>
   <subfield code="c">24 εκ.</subfield>
  </datafield>
  <datafield tag="650" ind1=" " ind2="4">
   <subfield code="a">Πολιτισμός - Φιλοσοφία</subfield>
   <subfield code="z">Κρήτη.</subfield>
  </datafield>
  <datafield tag="650" ind1=" " ind2="4">
   <subfield code="a">Λογοτεχνία - Φιλοσοφία</subfield>
   <subfield code="z">Κρήτη.</subfield>
  </datafield>
  <datafield tag="650" ind1=" " ind2="4">
   <subfield code="a">Κρήτη</subfield>
   <subfield code="x">Εκδόσεις.</subfield>
  </datafield>
  <datafield tag="650" ind1=" " ind2="4">
   <subfield code="a">Κρητική λογοτεχνία.</subfield>
  </datafield>
  <datafield tag="710" ind1="2" ind2="0">
   <subfield code="a">Δημοτική Πολιτιστική Επιχείρηση Χανίων.</subfield>
  </datafield>
  <datafield tag="852" ind1=" " ind2=" ">
   <subfield code="a">INST</subfield>
   <subfield code="b">UNIPILB</subfield>
   <subfield code="c">MAIN</subfield>
   <subfield code="e">20040709</subfield>
   <subfield code="h">306.094 959 ΕΛ</subfield>
   <subfield code="p">00132614</subfield>
   <subfield code="q">00132614</subfield>
   <subfield code="t">LOAN</subfield>
   <subfield code="y">0</subfield>
   <subfield code="4">1</subfield>
  </datafield>
 </record>
</collection>
